000 01417nam0a22003131 4500
001 rc\4181036
005 20260407095807.0
021 _aRU
_b[53-10385]
035 _a(NLR Aleph) 008190096
090 _a7970197
_c7970197
100 _a20130415d1953 |||y0rusy50 ca
101 0 _arus
102 _aRU
105 _aa z |||||
200 1 _aСажалка картофеля квадратно-гнездовая четырехрядная СКГ-4
_eСборка. Устройство. Регулировка
_fМ-во с.-х. машиностроения СССР
210 _aМосква
_cРедиздатотдел МСХМ СССР
_d1953
215 _a72 с., 2 л. схем.
_cил.
_d20
300 _aВ вып. дан. сост.: инж. Герасимов С.А., Кашинцев А.А., Павлов В.Д., Павлов П.В.
606 _aКартофелесажалки
_xЭксплуатация
_2psbo
702 1 _aПавлов
_bВ.Д.
_4220
702 1 _aПавлов
_bП.В.
_4220
702 1 _aКашинцев
_bА.А.
_4220
702 1 _aГерасимов
_bС.А.
_gСергей Александрович
_4220
712 0 1 _aСССР
_bМинистерство сельскохозяйственного машиностроения
_3RU\NLR\AUTH\889924702
_9345157
801 0 _aRU
_bNLR
_gpsbo
801 1 _aRU
_bELAR
_2rusmarc
852 _aNLR
_jС20 Г-4/2129
942 _cBOOK
980 _aNB